Muž, ktorý si mýlil manželku s klobúkom /

Guardado en:
Detalles Bibliográficos
Autor principal: Sacks, Oliver (Autor)
Formato: Libro
Lenguaje:eslovaco
Publicado: Slovensko, Inaque, 2022
Materias:
Etiquetas: Agregar Etiqueta
Sin Etiquetas, Sea el primero en etiquetar este registro!

MARC

LEADER 00000nam a22000003a 4500
001 0116935
003 SK-STU
005 20250903100129.1
007 ta
008 250903s ----xo-----e------000-0-----d
020 |a 978-80-8207-147-7 
040 |a STU  |b slo 
041 0 |a slo 
044 |a xo 
080 |a 159.9/Sa 
100 1 |a Sacks, Oliver  |4 aut 
245 1 0 |a Muž, ktorý si mýlil manželku s klobúkom /  |c aut. Oliver Sacks 
260 |a Slovensko,  |b Inaque,  |c 2022 
300 |a 255 s. 
650 0 7 |a neuropsychológia 
650 0 7 |a neurózy 
650 0 7 |a pacienti 
650 0 7 |a choroby 
650 0 7 |a spomienky 
650 0 7 |a smútok 
996 |b 284M089723  |c M* 14897-1  |l MMST  |s A  |a 24  |w 0116935_0001 
996 |b 284M089722  |c M* 14897-2  |l MMST  |s A  |a 24  |w 0116935_0002